[Event "4NCL Online Division 5"]
[Site "online"]
[Date "2021.11.02"]
[EventDate "2021.11.02"]
[Round "6.74"]
[White "Sallai, Peter"]
[WhiteElo "1435"]
[WhiteTeam "Dundee City D"]
[Black "Chwieseni, Edward I"]
[BlackElo "1631"]
[BlackTeam "War & Piece Nimrod"]
[Result "1-0"]
[PlyCount "95"]

1. e4 d5 2. exd5 Nf6 3. d4 Nxd5 4. c4 Nf6 5. Nf3 Bg4 6. Be2 g6 7. Be3 Bg7 8. O-O O-O 9. Qb3 b6 10. h3 Be6 11. Ne5 c6 12. a4 Nfd7 13. f4 Nxe5 14. fxe5 Nd7 15. Bf3 Rc8 16. Bf4 f6 17. exf6 Nxf6 18. Be5 Kh8 19. Qc3 Nh5 20. d5 cxd5 21. Bxh5 Rxf1+ 22. Kxf1 Qf8+ 23. Bf3 Rxc4 24. Bxg7+ Qxg7 25. Qxg7+ Kxg7 26. Nc3 d4 27. Nd5 Bxd5 28. Bxd5 Rc2 29. Rd1 e5 30. b3 Kf6 31. Ke1 Ke7 32. Be4 Rb2 33. Rb1 Ra2 34. Rc1 Kd6 35. Rc2 Ra3 36. Rb2 Kc5 37. Kd2 Kb4 38. Bd5 Kc5 39. Be4 Kb4 40. Bc2 Ra1 41. Be4 Rf1 42. Ke2 Rf4 43. Kd3 a5 44. Bd5 g5 45. Re2 g4 46. hxg4 Rxg4 47. Rxe5 h5 48. Rxh5 1-0

[Event "4NCL Online Division 5"]
[Site "online"]
[Date "2021.11.02"]
[EventDate "2021.11.02"]
[Round "6.81"]
[White "Tillett, Matthew"]
[WhiteElo "1875"]
[WhiteTeam "Streatham B"]
[Black "Jenkins, Simon"]
[BlackElo "1513"]
[BlackTeam "Lerryn Clowns"]
[Result "1-0"]
[PlyCount "103"]

1. e4 e5 2. d4 d6 3. dxe5 Qe7 4. Nc3 dxe5 5. Nf3 c6 6. Bg5 f6 7. Be3 Be6 8. Bd3 g5 9. h3 h5 10. Qd2 Bh6 11. O-O-O Na6 12. Bxa6 bxa6 13. Qd6 Qxd6 14. Rxd6 Bd7 15. Rhd1 Rh7 16. Nd2 Bf8 17. Rd3 g4 18. hxg4 hxg4 19. Nb3 f5 20. Nc5 Bxc5 21. Bxc5 Nf6 22. exf5 Bxf5 23. Rd6 Nd7 24. Rxc6 Nxc5 25. Rxc5 Be6 26. Rxe5 Kf7 27. Rde1 Rh6 28. f4 gxf3 29. gxf3 Rah8 30. Ne4 Rg6 31. Ng5+ Kf6 32. Nxe6 Rg1 33. Rxg1 Kxe5 34. Re1+ Kd6 35. Nd4 Kd5 36. c3 Rh2 37. Re2 Rh1+ 38. Kc2 Rf1 39. Re7 Rf2+ 40. Kb3 Kc5 41. f4 Kb6 42. f5 a5 43. Re2 Rf4 44. Kc4 a6 45. Kd5 Rh4 46. Rf2 Rh5 47. Ke6 a4 48. f6 a3 49. bxa3 a5 50. f7 a4 51. f8=Q Rc5 52. Rb2+ 1-0

[Event "4NCL Online Division 5"]
[Site "online"]
[Date "2021.11.02"]
[EventDate "2021.11.02"]
[Round "6.82"]
[White "Reid, Mark"]
[WhiteElo "1455"]
[WhiteTeam "Lerryn Clowns"]
[Black "Grace, Matt"]
[BlackElo "1700"]
[BlackTeam "Streatham B"]
[Result "0-1"]
[PlyCount "162"]

1. d4 d5 2. c4 e6 3. Nf3 Nf6 4. Bg5 Nbd7 5. Nc3 c6 6. e3 Be7 7. Bd3 dxc4 8. Bxc4 O-O 9. O-O h6 10. Bh4 b6 11. Qe2 Bb7 12. Rfd1 Qc7 13. Bg3 Bd6 14. Bxd6 Qxd6 15. Ba6 Bxa6 16. Qxa6 Nd5 17. Nxd5 exd5 18. Ne1 Qe6 19. b4 Rfc8 20. Nd3 g5 21. Rac1 Rc7 22. Rc2 Rac8 23. Rdc1 Nb8 24. Qa4 Nd7 25. Qa6 Qe4 26. Rc3 Nb8 27. Qa4 Qe6 28. a3 Nd7 29. Qc2 Qd6 30. h3 Kg7 31. Qa4 f6 32. Qd1 Qe6 33. Qc2 a6 34. Qa4 Nb8 35. Qc2 Qf5 36. Nb2 Qxc2 37. R1xc2 Kf7 38. a4 Nd7 39. Nd3 Ke7 40. Kf1 Kd6 41. Ke2 c5 42. bxc5+ bxc5 43. dxc5+ Nxc5 44. Nb2 f5 45. f3 Re8 46. Nd3 Rec8 47. Nb2 Rc6 48. Rc1 R8c7 49. R1c2 f4 50. exf4 gxf4 51. Rd2 Re7+ 52. Kd1 Rec7 53. Rc4 Nb3 54. Rxc6+ Rxc6 55. Rc2 Nc5 56. Rd2 Ke5 57. Nd3+ Nxd3 58. Rxd3 Rc4 59. Ra3 a5 60. Kd2 Rb4 61. Kc2 d4 62. Ra2 Kd5 63. Kd3 Rb3+ 64. Kc2 Rc3+ 65. Kd2 Kc4 66. Rb2 Rb3 67. Rc2+ Rc3 68. Rb2 Rb3 69. Rc2+ Kb4 70. Rc6 Kxa4 71. Rxh6 Kb5 72. Rh5+ Kb4 73. Rh8 Kc4 74. Rc8+ Kd5 75. Kc2 Ra3 76. Kb2 Re3 77. Rd8+ Kc4 78. Rc8+ Kd3 79. Rc2 Re2 80. Rxe2 Kxe2 81. h4 d3 0-1

[Event "4NCL Online Division 5"]
[Site "online"]
[Date "2021.11.02"]
[EventDate "2021.11.02"]
[Round "6.83"]
[White "Chung, Michael"]
[WhiteElo "1643"]
[WhiteTeam "Streatham B"]
[Black "Jenkins, David R"]
[BlackElo "1398"]
[BlackTeam "Lerryn Clowns"]
[Result "1-0"]
[PlyCount "69"]

1. e4 e5 2. Bc4 Nf6 3. d3 d5 4. exd5 Nxd5 5. Nf3 Bg4 6. O-O Nc6 7. c3 Be7 8. Re1 f5 9. Nbd2 O-O 10. Qb3 Kh8 11. Bxd5 Na5 12. Qa4 Qxd5 13. Rxe5 Qxd3 14. Rxe7 Nc6 15. Re3 Qd6 16. h3 Bh5 17. b4 Rae8 18. Nf1 f4 19. Rxe8 Rxe8 20. b5 Bxf3 21. gxf3 Ne5 22. Qxf4 Rf8 23. Qe4 Nxf3+ 24. Kg2 Qf6 25. Be3 Nh4+ 26. Kh1 Nf5 27. Ng3 Nd6 28. Qd4 Qf3+ 29. Kg1 h5 30. Qd1 Ne4 31. Qxf3 Rxf3 32. Nxe4 Rxh3 33. Kg2 Rh4 34. f3 g5 35. Bxg5 1-0

[Event "4NCL Online Division 5"]
[Site "online"]
[Date "2021.11.02"]
[EventDate "2021.11.02"]
[Round "6.84"]
[White "Childs, Barry B"]
[WhiteElo "1384"]
[WhiteTeam "Lerryn Clowns"]
[Black "Mo, Alex"]
[BlackElo "1423"]
[BlackTeam "Streatham B"]
[Result "0-1"]
[PlyCount "80"]

1. d4 d6 2. c4 Nf6 3. Nc3 g6 4. Bf4 Bg7 5. Nf3 c5 6. e3 Qa5 7. Be2 Ne4 8. Qc2 Nxc3 9. Qxc3 Qxc3+ 10. bxc3 Bf5 11. O-O Nd7 12. a4 O-O 13. a5 e5 14. Bg3 Bf6 15. Nh4 Bxh4 16. Bxh4 exd4 17. cxd4 cxd4 18. exd4 Rfe8 19. Bf3 Be4 20. Be2 Bxg2 21. Kxg2 Rxe2 22. Rab1 b6 23. axb6 Nxb6 24. c5 dxc5 25. dxc5 Nd5 26. Rfd1 Nc3 27. Rd8+ Rxd8 28. Rb7 Rc8 29. Bf6 Ne4 30. Bd4 Nxc5 31. Rxa7 h5 32. Ra3 Ne6 33. Bf6 Re4 34. f3 Re2+ 35. Kg3 g5 36. h4 gxh4+ 37. Kxh4 Kh7 38. Kxh5 Rg8 39. Ra4 Rh2+ 40. Rh4 Nf4# 0-1

[Event "4NCL Online Division 5"]
[Site "online"]
[Date "2021.11.02"]
[EventDate "2021.11.02"]
[Round "6.91"]
[White "Toon, James MG"]
[WhiteElo "2008"]
[WhiteTeam "Guildford Castles 2"]
[Black "Badacsonyi, Frankie"]
[BlackElo "1762"]
[BlackTeam "MHJ Bishops"]
[Result "1/2-1/2"]
[PlyCount "124"]

1. e4 e6 2. d4 d5 3. Nd2 Be7 4. Ngf3 Nf6 5. e5 Nfd7 6. Bd3 c5 7. c3 Nc6 8. O-O a5 9. a4 b6 10. Re1 Ba6 11. Nf1 Bxd3 12. Qxd3 Qc8 13. Bg5 Qa6 14. Qxa6 Rxa6 15. Bxe7 Kxe7 16. Ne3 Rb8 17. Re2 b5 18. axb5 Rxb5 19. dxc5 Nxc5 20. c4 dxc4 21. Nxc4 Nd3 22. g3 Rc5 23. Re4 Ra7 24. Ra3 Rd7 25. Kg2 h6 26. Nb6 Rb7 27. Nc8+ Kd7 28. Nd6 Nxf2 29. Re2 Rb4 30. Rxf2 f5 31. exf6 Kxd6 32. Rd3+ Kc7 33. f7 Rb8 34. Nh4 Ne5 35. Re3 g5 36. Rxe5 Rxe5 37. Ng6 Reb5 38. f8=Q Rxf8 39. Nxf8 Kd6 40. Nh7 Ke5 41. Nf6 Kd4 42. Ng4 h5 43. Nf6 g4 44. Kf1 a4 45. Rf4+ Ke5 46. Nxh5 Rxb2 47. Rxa4 Rxh2 48. Nf4 Rh1+ 49. Kf2 Rb1 50. Ra5+ Ke4 51. Nxe6 Rb2+ 52. Ke1 Rb1+ 53. Kd2 Kf3 54. Ra3+ Kg2 55. Nf4+ Kf2 56. Nh5 Re1 57. Ra4 Re5 58. Nf6 Kxg3 59. Rxg4+ Kf3 60. Rd4 Re2+ 61. Kd3 Re3+ 62. Kc4 Re6 1/2-1/2

[Event "4NCL Online Division 5"]
[Site "online"]
[Date "2021.11.02"]
[EventDate "2021.11.02"]
[Round "6.92"]
[White "Badacsonyi, Stanley"]
[WhiteElo "1605"]
[WhiteTeam "MHJ Bishops"]
[Black "Shepley, Julien M"]
[BlackElo "1912"]
[BlackTeam "Guildford Castles 2"]
[Result "1/2-1/2"]
[PlyCount "119"]

1. d4 Nf6 2. Nc3 d5 3. Bf4 c5 4. e3 e6 5. Nf3 a6 6. dxc5 Bxc5 7. Bd3 O-O 8. O-O Nc6 9. Re1 e5 10. Nxe5 Nxe5 11. Bxe5 Be6 12. Qf3 Bb4 13. Bxf6 Qxf6 14. Qxf6 gxf6 15. Red1 Bxc3 16. bxc3 Rfc8 17. e4 Rxc3 18. exd5 Bxd5 19. Bxh7+ Kxh7 20. Rxd5 Rxc2 21. Rd7 Rac8 22. h3 Rb2 23. Re1 Rcc2 24. Rxf7+ Kg6 25. Ree7 Rxf2 26. Rg7+ Kf5 27. h4 b5 28. Kh2 Rxa2 29. h5 Rf4 30. Kh3 Raa4 31. g3 Rf2 32. Re1 Raa2 33. Rh1 Rae2 34. h6 Re8 35. h7 Rh8 36. Re1 b4 37. Ree7 Rc2 38. Rg8 Rc8 39. g4+ Kf4 40. Rg6 Rc3+ 41. Kh4 Rc6 42. Rf7 b3 43. Rfxf6+ Rxf6 44. Rxf6+ Ke5 45. Rxa6 Rxh7+ 46. Kg3 Rb7 47. Ra1 b2 48. Rb1 Kd4 49. Kf4 Kc3 50. g5 Kc2 51. Rxb2+ Kxb2 52. Kf5 Kc3 53. g6 Kd4 54. Kf6 Rb1 55. g7 Rg1 56. Kf7 Rf1+ 57. Ke7 Rg1 58. Kf7 Rf1+ 59. Ke7 Rg1 60. Kf7 1/2-1/2

[Event "4NCL Online Division 5"]
[Site "online"]
[Date "2021.11.02"]
[EventDate "2021.11.02"]
[Round "6.93"]
[White "Armiger, Paul D"]
[WhiteElo "1750"]
[WhiteTeam "Guildford Castles 2"]
[Black "Karia, Kamlesh"]
[BlackElo "1560"]
[BlackTeam "MHJ Bishops"]
[Result "1-0"]
[PlyCount "103"]

1. e4 e5 2. Nf3 Nc6 3. Bc4 Nf6 4. d3 Bc5 5. O-O d6 6. h3 Na5 7. Nbd2 Nxc4 8. Nxc4 Be6 9. Ne3 h6 10. c3 Bb6 11. a4 a5 12. Qc2 Qd7 13. Kh2 g5 14. d4 g4 15. d5 gxf3 16. dxe6 fxe6 17. g3 Qh7 18. Qb3 Ke7 19. Nc4 Nd7 20. Nxb6 Nxb6 21. Be3 Qxe4 22. Bxb6 cxb6 23. Qxb6 Qc6 24. Qe3 Raf8 25. b4 axb4 26. cxb4 Ra8 27. b5 Qd5 28. Rfd1 Qc4 29. Qa3 Qc5 30. Qxf3 Rab8 31. Rdc1 Qb6 32. a5 Qd8 33. b6 Rf8 34. Rc7+ Qd7 35. Rxd7+ Kxd7 36. Qe2 Rf5 37. Qb5+ Ke7 38. Ra2 Rbf8 39. Kg2 e4 40. Qc4 d5 41. Qc7+ Kf6 42. a6 bxa6 43. b7 d4 44. b8=Q Rxb8 45. Qxb8 d3 46. Qf8+ Kg6 47. Qg8+ Kf6 48. Rxa6 Re5 49. Qh8+ Kf5 50. Qh7+ Kg5 51. h4+ Kh5 52. Kh3 1-0

[Event "4NCL Online Division 5"]
[Site "online"]
[Date "2021.11.02"]
[EventDate "2021.11.02"]
[Round "6.94"]
[White "Burnton, Joshua"]
[WhiteElo "1374"]
[WhiteTeam "MHJ Bishops"]
[Black "Tzanidakis, Michail"]
[BlackElo "1734"]
[BlackTeam "Guildford Castles 2"]
[Result "1-0"]
[PlyCount "63"]

1. e4 c5 2. Nc3 Nc6 3. Bb5 Nd4 4. Bc4 e6 5. Nf3 Nf6 6. d3 a6 7. a4 d5 8. Ba2 Be7 9. e5 Nd7 10. Nxd4 cxd4 11. Ne2 Qb6 12. f4 O-O 13. O-O f6 14. exf6 Nxf6 15. Kh1 g6 16. c3 dxc3 17. bxc3 Bd7 18. Rb1 Qc7 19. c4 Bc6 20. Nd4 Qd7 21. Qe2 dxc4 22. Qxe6+ Kg7 23. Qxd7 Bxd7 24. Rxb7 cxd3 25. Ne6+ Kh8 26. Nxf8 Rxf8 27. Bb2 Rd8 28. Rd1 Kg7 29. Rxd3 Re8 30. Bxf6+ Kxf6 31. Rbxd7 Bc5 32. Rf7# 1-0

[Event "4NCL Online Division 5"]
[Site "online"]
[Date "2021.11.02"]
[EventDate "2021.11.02"]
[Round "6.101"]
[White "Lane, Anthony J"]
[WhiteElo "1711"]
[WhiteTeam "Bolton and Worsley 2"]
[Black "Hillman, Graham"]
[BlackElo "1631"]
[BlackTeam "Wessex Some Stars G"]
[Result "1-0"]
[PlyCount "115"]

1. e4 d5 2. exd5 Nf6 3. Bb5+ Bd7 4. Be2 c6 5. dxc6 Nxc6 6. Nf3 e5 7. d3 Be7 8. O-O O-O 9. Nc3 h6 10. Nd2 Nd4 11. Nf3 Bd6 12. Ne4 Nxe2+ 13. Qxe2 Nxe4 14. dxe4 Bg4 15. h3 Bh5 16. g4 Bg6 17. Rd1 Qe7 18. Rd5 Rad8 19. c4 b6 20. b3 f6 21. Nh4 Bh7 22. Nf5 Bxf5 23. gxf5 Qf7 24. Qg4 Kh7 25. h4 g6 26. Kh1 Rg8 27. Be3 g5 28. hxg5 hxg5 29. Kg2 Kg7 30. Rh1 Rh8 31. Rxh8 Kxh8 32. Qd1 Qe7 33. c5 Bc7 34. Qh5+ Qh7 35. Qxh7+ Kxh7 36. Rxd8 Bxd8 37. c6 Bc7 38. a4 Kg7 39. b4 Kf7 40. b5 Ke7 41. Kf3 Kf7 42. Ke2 Ke7 43. Kd3 Kf7 44. Bd2 Ke7 45. Kc4 Bd6 46. Kd5 Bc5 47. f3 Bd6 48. Bc3 Bc5 49. Kc4 Kd6 50. Bb4 Bxb4 51. Kxb4 Kc7 52. Kc4 Kd6 53. Kb4 a5+ 54. Kc4 Ke7 55. Kd5 g4 56. fxg4 Kd8 57. Kd6 Kc8 58. Ke6 1-0

[Event "4NCL Online Division 5"]
[Site "online"]
[Date "2021.11.02"]
[EventDate "2021.11.02"]
[Round "6.102"]
[White "Sandy, Paul"]
[WhiteElo "1586"]
[WhiteTeam "Wessex Some Stars G"]
[Black "Busznyak, Arpad"]
[BlackElo "1602"]
[BlackTeam "Bolton and Worsley 2"]
[Result "0-1"]
[PlyCount "124"]

1. b4 e5 2. Bb2 d6 3. e3 a6 4. Bc4 Nf6 5. a3 Bg4 6. f3 Bh5 7. Nh3 Be7 8. Nc3 Nbd7 9. d3 Nb6 10. Bb3 O-O 11. Qd2 Qd7 12. O-O-O Bxf3 13. gxf3 Qxh3 14. Qe2 Nh5 15. Rdg1 c6 16. Ne4 Rad8 17. Ng3 Nf6 18. e4 g6 19. Nf5 Rd7 20. Rg3 Qh5 21. Rhg1 Kh8 22. Rg5 Qxg5+ 23. Rxg5 gxf5 24. Rxf5 Bd8 25. Kb1 Rg8 26. Qe3 Rg6 27. Qf2 Na8 28. d4 exd4 29. Bxd4 Nc7 30. c3 Nb5 31. a4 Nc7 32. Qh4 Ne8 33. Bc2 Kg8 34. Qf2 Ng7 35. Rf4 Ne6 36. Rxf6 Bxf6 37. e5 dxe5 38. Bxg6 exd4 39. Bf5 dxc3 40. Qg3+ Kf8 41. Qb8+ Ke7 42. Qg3 h6 43. Qh3 Rd1+ 44. Kc2 Rd2+ 45. Kb1 Rb2+ 46. Kc1 Bg5+ 47. Kd1 Rd2+ 48. Ke1 c2 49. Bxc2 Rxc2 50. Qf5 Re2+ 51. Kf1 Rxh2 52. Qe4 Rh4 53. Qc2 Rxb4 54. Kg2 Bf6 55. Kh3 Ng5+ 56. Kg3 Be5+ 57. f4 Bxf4+ 58. Kg4 Bd6+ 59. Kh5 Ne6 60. Qd1 Bf4 61. Qc2 Bg5 62. Qf2 Ng7# 0-1

[Event "4NCL Online Division 5"]
[Site "online"]
[Date "2021.11.02"]
[EventDate "2021.11.02"]
[Round "6.103"]
[White "Houlston, Michael"]
[WhiteElo "1435"]
[WhiteTeam "Bolton and Worsley 2"]
[Black "Deacon, Matthew"]
[BlackElo "1579"]
[BlackTeam "Wessex Some Stars G"]
[Result "0-1"]
[PlyCount "80"]

1. e4 c5 2. Bc4 Nc6 3. c3 d6 4. d3 g6 5. h3 Bg7 6. Nf3 Nf6 7. Qb3 O-O 8. Ng5 e6 9. Be3 Na5 10. Qc2 Nxc4 11. dxc4 b6 12. Na3 d5 13. O-O-O Qe7 14. e5 Nd7 15. f4 dxc4 16. Nb5 f6 17. Nc7 fxg5 18. Nxa8 gxf4 19. Bd2 Bxe5 20. h4 Bb7 21. h5 Qf6 22. hxg6 Qxg6 23. Qa4 Rd8 24. Qxc4 Bxa8 25. Rh2 Bd5 26. Qf1 Bxa2 27. Bxf4 Bxf4+ 28. Qxf4 Qb1+ 29. Kd2 Ne5+ 30. Ke3 Nc4+ 31. Kf2 Qxb2+ 32. Kg3 Qxc3+ 33. Kh4 Rxd1 34. Qg4+ Qg7 35. Qxd1 Qf6+ 36. Kg3 Ne3 37. Qe2 Qg5+ 38. Kh3 Bd5 39. g4 e5 40. Qd2 Qxg4# 0-1

[Event "4NCL Online Division 5"]
[Site "online"]
[Date "2021.11.02"]
[EventDate "2021.11.02"]
[Round "6.104"]
[White "Bucchi, Andrea"]
[WhiteElo "1562"]
[WhiteTeam "Wessex Some Stars G"]
[Black "Chadwick, Donna"]
[BlackElo "989"]
[BlackTeam "Bolton and Worsley 2"]
[Result "1-0"]
[PlyCount "63"]

1. e4 c5 2. Nf3 d6 3. d4 cxd4 4. Nxd4 Nf6 5. Nc3 a6 6. Bg5 e5 7. Nf3 Be7 8. Bc4 Be6 9. Qe2 O-O 10. O-O b5 11. Bd3 Nc6 12. Bxf6 Bxf6 13. Nd5 Nd4 14. Nxd4 exd4 15. Qf3 Be5 16. Nf4 Qd7 17. Nd5 Bg4 18. Nb6 Bxf3 19. Nxd7 Rfd8 20. Nxe5 dxe5 21. gxf3 Rab8 22. Kh1 a5 23. Rg1 Kf8 24. Rg4 b4 25. Rag1 g6 26. f4 exf4 27. Rxf4 Ke7 28. b3 Ke6 29. Bc4+ Ke5 30. Rxf7 Kxe4 31. Rxh7 Kf3 32. Rf7+ 1-0

[Event "4NCL Online Division 5"]
[Site "online"]
[Date "2021.11.02"]
[EventDate "2021.11.02"]
[Round "6.111"]
[White "Dunford, Anthony D"]
[WhiteElo "1798"]
[WhiteTeam "The Hemel's Gambit"]
[Black "Pinto, Phil B"]
[BlackElo "1753"]
[BlackTeam "Wessex Some Stars F"]
[Result "1-0"]
[PlyCount "61"]

1. e4 e6 2. d4 d5 3. Nc3 dxe4 4. Nxe4 Nd7 5. Nf3 Ngf6 6. Bd3 Be7 7. h4 b6 8. Bf4 Bb7 9. Qe2 a5 10. O-O-O a4 11. Ne5 O-O 12. g4 a3 13. b3 Nd5 14. Bd2 c5 15. c4 Nxe5 16. dxe5 Nb4 17. Bb1 Qc7 18. f4 Rfd8 19. Rh2 Nc6 20. Ng5 g6 21. Ne4 Nd4 22. Qe3 Bxe4 23. Bxe4 Rab8 24. h5 b5 25. hxg6 fxg6 26. Qh3 Bf8 27. Bxg6 bxc4 28. Bxh7+ Kf7 29. Bg6+ Kxg6 30. Qh5+ Kg7 31. Qh7# 1-0

[Event "4NCL Online Division 5"]
[Site "online"]
[Date "2021.11.02"]
[EventDate "2021.11.02"]
[Round "6.112"]
[White "Leeson, Chris J P"]
[WhiteElo "1732"]
[WhiteTeam "Wessex Some Stars F"]
[Black "Rollinson, David"]
[BlackElo "1618"]
[BlackTeam "The Hemel's Gambit"]
[Result "1-0"]
[PlyCount "55"]

1. d4 Nf6 2. e3 d5 3. Bd3 g6 4. Nd2 Bg7 5. f4 c6 6. Ngf3 Nbd7 7. Ne5 O-O 8. O-O e6 9. c3 Qb6 10. Kh1 c5 11. Qf3 cxd4 12. exd4 Qd8 13. Qh3 Nxe5 14. fxe5 Ne8 15. Nf3 f6 16. Bf4 fxe5 17. Bxe5 Qe7 18. Bxg7 Qxg7 19. Ne5 Nf6 20. Rf3 Nh5 21. Raf1 Rxf3 22. Rxf3 Bd7 23. g4 Nf6 24. g5 Ne4 25. Bxe4 dxe4 26. Rf7 Qh8 27. Rxd7 Rf8 28. Qxe6+ 1-0

[Event "4NCL Online Division 5"]
[Site "online"]
[Date "2021.11.02"]
[EventDate "2021.11.02"]
[Round "6.113"]
[White "Huhn, Robert M"]
[WhiteElo "1397"]
[WhiteTeam "The Hemel's Gambit"]
[Black "Doyle, Jamie"]
[BlackElo "1684"]
[BlackTeam "Wessex Some Stars F"]
[Result "1/2-1/2"]
[PlyCount "105"]

1. c4 e5 2. Nc3 Nc6 3. g3 Bc5 4. Bg2 Nf6 5. Nf3 O-O 6. O-O d6 7. d3 Bg4 8. Bg5 h6 9. Bxf6 Qxf6 10. Ne4 Qe7 11. Nxc5 dxc5 12. h3 Bh5 13. Rb1 Rab8 14. a3 f5 15. b4 e4 16. dxe4 fxe4 17. Nd2 Nd4 18. g4 Bg6 19. e3 Nf3+ 20. Nxf3 exf3 21. Bxf3 Bxb1 22. Bd5+ Kh8 23. Qxb1 cxb4 24. axb4 c6 25. Bg2 Rbd8 26. b5 cxb5 27. Qxb5 b6 28. Rc1 Rd2 29. Rf1 Qf6 30. f4 Qc3 31. Rf3 Rc2 32. Qd5 Qxc4 33. Qxc4 Rxc4 34. Bf1 Rc3 35. Kf2 a5 36. f5 a4 37. Rf4 Ra8 38. Bg2 Ra5 39. Rb4 Rb3 40. Rc4 a3 41. Rc8+ Kh7 42. Be4 Re5 43. f6+ Rxe4 44. f7 Rbxe3 45. f8=Q Re2+ 46. Kf1 Re1+ 47. Kf2 R4e2+ 48. Kf3 Re3+ 49. Kf2 R1e2+ 50. Kf1 Re1+ 51. Kf2 R3e2+ 52. Kf3 Re3+ 53. Kf2 1/2-1/2

[Event "4NCL Online Division 5"]
[Site "online"]
[Date "2021.11.02"]
[EventDate "2021.11.02"]
[Round "6.114"]
[White "Davenport, Robert"]
[WhiteElo "1660"]
[WhiteTeam "Wessex Some Stars F"]
[Black "Shergill, Ranjit"]
[BlackElo "1027"]
[BlackTeam "The Hemel's Gambit"]
[Result "1-0"]
[PlyCount "61"]

1. e4 e5 2. Nf3 Nc6 3. Bc4 Nf6 4. d4 Bd6 5. Bg5 O-O 6. O-O Nxd4 7. Nxd4 exd4 8. Qxd4 Qe8 9. Nc3 Qe5 10. Qxe5 Bxe5 11. Bxf6 Bxf6 12. Nd5 Bd8 13. f4 c6 14. Nc3 b5 15. Bd3 a5 16. e5 a4 17. Be4 Bb6+ 18. Kh1 b4 19. Nb5 Ba6 20. Nd6 Bxf1 21. Rxf1 a3 22. b3 Bc5 23. Nc4 Rfe8 24. Bf5 Rad8 25. Rd1 Re7 26. h3 d6 27. exd6 Bxd6 28. Nxd6 Rxd6 29. Rxd6 Re1+ 30. Kh2 Ra1 31. Rd8# 1-0

[Event "4NCL Online Division 5"]
[Site "online"]
[Date "2021.11.02"]
[EventDate "2021.11.02"]
[Round "6.121"]
[White "Catabay, Rezin C"]
[WhiteElo "1347"]
[WhiteTeam "Colchester JFF B"]
[Black "Buckman, Cyrus"]
[BlackElo "1393"]
[BlackTeam "Streatham C"]
[Result "0-1"]
[PlyCount "46"]

1. e4 d5 2. exd5 Nf6 3. c4 e6 4. dxe6 Bxe6 5. d4 Bb4+ 6. Nc3 Ne4 7. Ne2 Bxc4 8. Qa4+ Nc6 9. a3 Bxc3+ 10. bxc3 Bxe2 11. Bxe2 Nxc3 12. Qc2 Nxe2 13. Qxe2+ Qe7 14. d5 Qxe2+ 15. Kxe2 Ne7 16. Rb1 b6 17. Rd1 Rd8 18. Bb2 O-O 19. Rbc1 Nxd5 20. Kf1 c5 21. Rd3 Nf4 22. Rg3 f6 23. Rc4 Rd1# 0-1

[Event "4NCL Online Division 5"]
[Site "online"]
[Date "2021.11.02"]
[EventDate "2021.11.02"]
[Round "6.122"]
[White "Yordanov, Denislav"]
[WhiteElo "1390"]
[WhiteTeam "Streatham C"]
[Black "Balaggan, Karam S"]
[BlackElo "1315"]
[BlackTeam "Colchester JFF B"]
[Result "0-1"]
[PlyCount "54"]

1. e4 c6 2. Nf3 d5 3. exd5 cxd5 4. d4 Bf5 5. Nc3 e6 6. Bf4 Nc6 7. Bd3 Bg6 8. Bxg6 hxg6 9. O-O g5 10. Bxg5 Qc7 11. Re1 Bd6 12. Nb5 Bxh2+ 13. Nxh2 Qxh2+ 14. Kf1 Qh1+ 15. Ke2 Qh5+ 16. f3 Qxg5 17. Nc7+ Kd7 18. Nxa8 Qxg2+ 19. Ke3 Rh2 20. Re2 Qg5+ 21. Kd3 Qf5+ 22. Kd2 Qf4+ 23. Ke1 Qh4+ 24. Kd2 Qxd4+ 25. Kc1 Qf4+ 26. Qd2 Rh1+ 27. Re1 Rxe1# 0-1

[Event "4NCL Online Division 5"]
[Site "online"]
[Date "2021.11.02"]
[EventDate "2021.11.02"]
[Round "6.123"]
[White "Beer, James"]
[WhiteElo "1275"]
[WhiteTeam "Colchester JFF B"]
[Black "Isaacs, Ruairi"]
[BlackElo "1298"]
[BlackTeam "Streatham C"]
[Result "0-1"]
[PlyCount "60"]

1. e4 c5 2. Nf3 Nc6 3. Bd3 g6 4. Bc4 Bg7 5. Nc3 Nf6 6. d3 a6 7. Bf4 b5 8. Bd5 Nxd5 9. exd5 Nd4 10. Nxd4 cxd4 11. Ne4 Bb7 12. c4 bxc4 13. dxc4 Rc8 14. b3 O-O 15. O-O d6 16. Qg4 f5 17. Qf3 fxe4 18. Qxe4 Kh8 19. Bg5 Bf6 20. Qh4 Bxg5 21. Qxg5 e5 22. Qh6 Qf6 23. Rae1 Rc7 24. f4 exf4 25. Rxf4 Qxf4 26. Qxf4 Rxf4 27. Re8+ Kg7 28. Re6 Bxd5 29. cxd5 Rc1+ 30. Re1 Rxe1# 0-1

[Event "4NCL Online Division 5"]
[Site "online"]
[Date "2021.11.02"]
[EventDate "2021.11.02"]
[Round "6.124"]
[White "McNeil, Eric Dylan"]
[WhiteElo "1061"]
[WhiteTeam "Streatham C"]
[Black "Salkauskas, Deimantas"]
[BlackElo "1066"]
[BlackTeam "Colchester JFF B"]
[Result "0-1"]
[PlyCount "52"]

1. c4 e5 2. Nc3 Nf6 3. g3 Nc6 4. Bg2 Bc5 5. e3 d6 6. Nge2 Bf5 7. d4 exd4 8. exd4 Bb4 9. Qa4 Bd3 10. Bxc6+ bxc6 11. Qxb4 O-O 12. O-O Re8 13. Be3 Ng4 14. Nd1 Bxe2 15. Re1 Bf3 16. Qd2 Qf6 17. Nc3 Qf5 18. h3 Qh5 19. h4 Nf6 20. Bg5 Rxe1+ 21. Rxe1 Qg4 22. Kh2 Nh5 23. Qd3 f6 24. Bd2 g5 25. Re3 Bg2 26. Kxg2 Nf4+ 0-1

[Event "4NCL Online Division 5"]
[Site "online"]
[Date "2021.11.02"]
[EventDate "2021.11.02"]
[Round "6.131"]
[White "Jukes, Ben"]
[WhiteElo "1600"]
[WhiteTeam "Wells Globetrotters 2"]
[Black "Ursell, Adam R"]
[BlackElo "1807"]
[BlackTeam "Wessex Some Stars E"]
[Result "1-0"]
[PlyCount "161"]

1. d4 Nf6 2. c4 e6 3. Nc3 d5 4. Bg5 Be7 5. e3 O-O 6. Nf3 h6 7. Bf4 c5 8. dxc5 Bxc5 9. cxd5 exd5 10. Rc1 Nc6 11. Nxd5 Nxd5 12. Rxc5 Nxf4 13. Qxd8 Nxg2+ 14. Bxg2 Rxd8 15. O-O Be6 16. a3 Rac8 17. Rfc1 Ne7 18. Nd4 Rxc5 19. Rxc5 Bd5 20. Rc7 Bxg2 21. Kxg2 Nc6 22. Nxc6 bxc6 23. Rxc6 Rb8 24. b4 Rb7 25. Kf3 g6 26. Ke4 Rd7 27. Ra6 Kg7 28. b5 h5 29. a4 Kh6 30. b6 axb6 31. Rxb6 Kg5 32. Kf3 Ra7 33. Rb5+ f5 34. a5 h4 35. h3 Ra6 36. Ke2 Ra8 37. Kd3 Rd8+ 38. Kc3 Rc8+ 39. Kb3 Rc1 40. a6 Rb1+ 41. Kc4 Ra1 42. Rb6 Ra2 43. Kb5 Rxf2 44. a7 Rb2+ 45. Ka6 Ra2+ 46. Kb7 Rxa7+ 47. Kxa7 Kh5 48. Rb5 Kg5 49. Kb7 Kf6 50. Kc6 g5 51. Kd5 g4 52. Rb4 Kg5 53. hxg4 fxg4 54. Ke4 h3 55. Rb1 h2 56. Rh1 g3 57. Kf3 Kh4 58. Kg2 Kg4 59. e4 Kf4 60. e5 Kxe5 61. Kxg3 Kf5 62. Kxh2 Kg5 63. Kg3 Kf5 64. Rh4 Ke5 65. Kf3 Kd5 66. Ke3 Kc5 67. Kd3 Kd5 68. Rh5+ Ke6 69. Ke4 Kf6 70. Kf4 Kg6 71. Kg4 Kf6 72. Ra5 Ke6 73. Rg5 Kf6 74. Kf4 Ke6 75. Ke4 Kf6 76. Re5 Kg6 77. Rf5 Kg7 78. Ke5 Kg6 79. Ke6 Kg7 80. Rf6 Kh7 81. Kf7 1-0

[Event "4NCL Online Division 5"]
[Site "online"]
[Date "2021.11.02"]
[EventDate "2021.11.02"]
[Round "6.132"]
[White "Ursell, Richard W"]
[WhiteElo "1787"]
[WhiteTeam "Wessex Some Stars E"]
[Black "Hayes, Solomon"]
[BlackElo "1479"]
[BlackTeam "Wells Globetrotters 2"]
[Result "0-1"]
[PlyCount "40"]

1. b4 d5 2. Bb2 f6 3. e3 e5 4. a3 Bd6 5. c4 c6 6. Qh5+ g6 7. Qd1 Ne7 8. f4 O-O 9. fxe5 Bxe5 10. Nc3 Be6 11. cxd5 cxd5 12. Nf3 d4 13. Ne4 dxe3 14. Nxe5 fxe5 15. dxe3 Nd5 16. Bc4 Qh4+ 17. Ng3 Qxc4 18. Bxe5 Nxe3 19. Qc1 Nxg2+ 20. Kd1 Rd8+ 0-1

[Event "4NCL Online Division 5"]
[Site "online"]
[Date "2021.11.02"]
[EventDate "2021.11.02"]
[Round "6.133"]
[White "Balch, Keith"]
[WhiteElo "1478"]
[WhiteTeam "Wells Globetrotters 2"]
[Black "Coburn, Joseph A"]
[BlackElo "1758"]
[BlackTeam "Wessex Some Stars E"]
[Result "0-1"]
[PlyCount "96"]

1. e4 d6 2. h3 Nf6 3. Nc3 g6 4. Nf3 c6 5. Be2 Bg7 6. d4 O-O 7. O-O Qc7 8. e5 dxe5 9. dxe5 Rd8 10. Qe1 Nd5 11. Bc4 e6 12. Bg5 Re8 13. Bxd5 exd5 14. Bf6 Bxf6 15. Qd2 Bg7 16. Rfe1 Be6 17. Qd4 Nd7 18. Re2 Qb6 19. Qh4 Qd8 20. Ng5 h6 21. Nf3 Qxh4 22. Nxh4 Nxe5 23. Rae1 Nc4 24. Na4 b6 25. c3 Kh7 26. b3 Nd6 27. Nf3 Ne4 28. Re3 b5 29. Nb2 Bxc3 30. Rb1 f5 31. Nd3 d4 32. Re2 c5 33. a4 c4 34. Nf4 d3 35. Ra2 cxb3 36. Ra3 Bc4 37. axb5 d2 38. Ra6 Bf7 39. Nd3 Red8 40. Nfe5 Bxe5 41. Nxe5 d1=Q+ 42. Rxd1 Rxd1+ 43. Kh2 Kg7 44. b6 b2 45. b7 Rb8 46. Rxa7 b1=Q 47. g3 Rh1+ 48. Kg2 Qf1+ 0-1